| 000 | 00862nam a2200253 i 4500 | ||
|---|---|---|---|
| 001 | 91913 | ||
| 003 | ES-MaACL | ||
| 005 | 20230906180843.0 | ||
| 007 | t| | ||
| 008 | 050307s2004 sp |||| | spa d | ||
| 020 | _a84-7522-881-X | ||
| 080 | _a821.134.2-992.09 | ||
| 080 | _a821.134.2(7/8)-992.09"17/19" | ||
| 245 | 0 | 0 |
_aRelato de viaje y literaturas hispánicas / _cJulio Peñate Rivero (ed.). |
| 260 |
_aMadrid : _bVisor Libros, _c[2004] |
||
| 300 |
_a351 p. ; _c21 cm. |
||
| 490 | 1 |
_aBiblioteca filológica hispana ; _v81 |
|
| 650 | 1 | 4 |
_aLiteratura de viajes española- _xHistoria y crítica. _914534 |
| 650 | 1 | 4 |
_aLiteratura de viajes hispanoamericana- _xHistoria y crítica. _9161923 |
| 700 | 1 |
_aPeñate Rivero, Julio. _990327 |
|
| 830 | 0 |
_aBiblioteca filológica hispana ; _v81 _9179654 |
|
| 852 |
_aES-MaACL _jL-28956 |
||
| 999 |
_c91913 _d91913 |
||